Introducción al estudio del derecho inglés
Wedi'i Gadw mewn:
| Prif Awdur: | |
|---|---|
| Fformat: | Llyfr |
| Iaith: | Sbaeneg |
| Cyhoeddwyd: |
Valladolid
Universidad de Valladolid
1992
|
| Cyfres: | Derecho, 19
|
| Pynciau: | |
| Tagiau: |
Ychwanegu Tag
Dim Tagiau, Byddwch y cyntaf i dagio'r cofnod hwn!
|
MARC
| LEADER | 00000nam a2200000 a 4500 | ||
|---|---|---|---|
| 001 | UCY3600 | ||
| 003 | CL-VaPUC | ||
| 008 | 950105e19920000SP |||||||||||||||||spa|d | ||
| 082 | 0 | 4 | |a 340.041 |b DEL |2 21 |
| 100 | 0 | |a Dell'Aquila, Enrico |e author |9 331946 | |
| 245 | 1 | 0 | |a Introducción al estudio del derecho inglés |
| 300 | |a 133 p | ||
| 942 | |c BK | ||
| 945 | |d 19950105 00:00:00 |a aalvarez | ||
| 260 | |a Valladolid |b Universidad de Valladolid |c 1992 | ||
| 650 | 7 | |a DERECHO |2 CL-VaPUC |9 331947 | |
| 651 | 0 | |a Gran Bretaña |9 256767 | |
| 583 | |a last modification |c 19950105 00:00:00 |k Rodrigo Vera | ||
| 490 | 0 | |a Derecho, 19 | |
| 999 | |c 231693 |d 231691 | ||
| 952 | |0 0 |1 0 |4 0 |6 340_041000000000000_DEL_1992 |7 0 |8 DER_TF |9 235217 |a BIBDER |b BIBDER |d 2019-11-15 |i 3049760 |o 340.041 DEL 1992 |p 3049760 |r 2023-01-25 |w 2019-11-15 |x Ubicación 4to Piso |y BK |z Estos recursos deben solicitarse con anticipación |k DER | ||